Návrh uchopovača pre priemyselný robot ABB IRB 120
Saved in:
| Main Author: | |
|---|---|
| Other Authors: | |
| Format: | Manuscript Book |
| Language: | Slovak |
| Published: |
2024
|
| Subjects: | |
| Online Access: | http://is.stuba.sk/zp/portal_zp.pl?podrobnosti=164073 |
| Tags: |
No Tags, Be the first to tag this record!
|
MARC
| LEADER | 00000ntm a22000003a 4500 | ||
|---|---|---|---|
| 001 | stuzp93599 | ||
| 003 | SK-STU | ||
| 005 | 20240629210709.5 | ||
| 007 | ta | ||
| 008 | 150427s2015----xo-----f-mn---000-0-slo-d | ||
| 040 | |a STU |b slo | ||
| 041 | 0 | |a slo | |
| 100 | 1 | |a Szabó, Patrik |u 063000 |4 aut |U MTF Materiálovotechnologická fakulta |T MTF Ústav výrobných technológií |X 111879 |U M3000 |Y 83 |7 111879 | |
| 242 | 0 | 1 | |a Gripper design for the ABB IRB 120 industrial robot |y eng |
| 245 | 1 | 0 | |a Návrh uchopovača pre priemyselný robot ABB IRB 120 |
| 260 | |c 2024 | ||
| 650 | 4 | |a Robot |2 slo | |
| 650 | 4 | |a Adaptér |2 slo | |
| 650 | 4 | |a Uchopovač |2 slo | |
| 650 | 4 | |a Adapter |2 eng | |
| 650 | 4 | |a Robot |2 eng | |
| 650 | 4 | |a Gripper |2 eng | |
| 700 | 1 | |a Košťál, Peter |u 063800 |k Z1 |4 ths |U MTF Ústav výrobných technológií |T MTF Katedra výrobných zariadení a systémov |X 216 |U M3800 |Y 660 |7 A000000216 | |
| 856 | 4 | |u http://is.stuba.sk/zp/portal_zp.pl?podrobnosti=164073 | |
| 996 | |c M* BP-9849 |l MMSKP |s P |a 0 |w stuzp93599_0001 | ||